000
00372nam a22000977a 4500
100
_a
द्विवेदी,डॉ. प्रेमशंकर
_9
80206
245
_a
भारतीय भित्ति चित्रकला
260
_a
वाराणसी
_b
मीरा पब्लिकेशन
_c
2018
650
_a
चित्रकला
_9
53024
942
_c
HIN
999
_c
63643
_d
63643